Prime Ministers of Kazakhstan - Statistics

General Stats
  • This quiz has been taken 8 times
  • The average score is 6 of 11
Answer Stats
Term Prime Minister % Correct
1999-2002 Kassym-Jomart Tokayev
100%
2019-Present Askar Mamin
63%
2003-2007 Daniyal Akhmetov
50%
2007-2012 Karim Massimov
50%
2014-2016 Karim Massimov
50%
1991-1994 Sergey Tereshchenko
50%
2012-2014 Serik Akhmetov
50%
1994-1997 Akezhan Kazhegeldin
38%
2016-2019 Bakhytzhan Sagintayev
38%
2002-2003 Imangali Tasmagambetov
38%
1997-1999 Nurlan Balgimbayev
25%
No matching quizzes found
Score Distribution
Percent of People with Each Score
Percentile by Number Answered
Your Score History
You have not taken this quiz